[Event "V Copa Marcel Duchamp 2022"]
[Site "Montevideo"]
[Date "2022.02.19"]
[Round "9.35"]
[White "Montiel Caceres, Helen"]
[Black "Rodriguez Buela, Martin"]
[Result "1-0"]
[WhiteElo "1625"]
[BlackElo "1796"]
[Annotator "NA"]
[PlyCount "55"]
[EventDate "2022.02.12"]
[EventCountry "URU"]
[SourceTitle "playchess.com"]
[Source "ChessBase"]
[SourceQuality "1"]
[TimeControl "5400+30"]

1. d4 {[%emt 0:00:03]} e6 {[%emt 0:00:10]} 2. c4 {[%emt 0:00:03]} f5 {[%emt 0:00:07]} 3. Nc3 {[%emt 0:00:00]} Nf6 4. f3 Bb4 {[%emt 0:00:51]} 5. Bd2 {[%emt 0:00:16]} c5 {[%emt 0:05:48]} 6. e3 {[%emt 0:00:08]} cxd4 {[%emt 0:08:00]} 7. exd4 {[%emt 0:00:06]} d6 {[%emt 0:03:11]} 8. Nh3 {[%emt 0:15:06]} O-O {[%emt 0:05:44]} 9. Qb3 {[%emt 0:01:07]} Qa5 {[%emt 0:10:35]} 10. a3 {[%emt 0:00:48]} Nc6 {[%emt 0:00:20]} 11. O-O-O {[%emt 0:03:28]} Bxc3 {[%emt 0:01:17]} 12. Bxc3 {[%emt 0:00:05]} Qc7 {[%emt 0:02:15]} 13. Bd3 {[%emt 0:15:44]} d5 {[%emt 0:05:30]} 14. Kb1 {[%emt 0:02:38]} Bd7 {[%emt 0:06:00]} 15. g3 {[%emt 0:04:49]} Rfe8 {[%emt 0:04:57]} 16. Nf4 {[%emt 0:00:14]} Ne7 {[%emt 0:00:06]} 17. Rhe1 {[%emt 0:01:00]} Kf7 {[%emt 0:01:03]} 18. cxd5 {[%emt 0:13:33]} exd5 {[%emt 0:07:50]} 19. Bb4 {[%emt 0:00:30]} Bc6 {[%emt 0:15:25]} 20. Bxe7 {[%emt 0:01:06]} Rxe7 {[%emt 0:00:08]} 21. Bxf5 {[%emt 0:00:07]} Rae8 {[%emt 0:00:55]} 22. Rxe7+ {[%emt 0:01:15]} Rxe7 {[%emt 0:00:08]} 23. Nd3 {[%emt 0:02:31]} g6 {[%emt 0:04:33]} 24. Ne5+ {[%emt 0:00:14]} Rxe5 {[%emt 0:00:05]} 25. dxe5 {[%emt 0:00:07]} Qxe5 {[%emt 0:00:02]} 26. Bc8 {[%emt 0:01:14]} Qc7 {[%emt 0:00:47]} 27. Bh3 {[%emt 0:00:10]} Qa5 {[%emt 0:00:40]} 28. Qe3 {[%emt 0:00:25]} 1-0

[Event "V Copa Marcel Duchamp 2022"]
[Site "Montevideo"]
[Date "2022.02.19"]
[Round "9.36"]
[White "Silva Rosas, Natalia"]
[Black "Lanzilotta, Filippo"]
[Result "1/2-1/2"]
[WhiteElo "1777"]
[BlackElo "1299"]
[Annotator "NA"]
[PlyCount "74"]
[EventDate "2022.02.12"]
[EventCountry "URU"]
[SourceTitle "playchess.com"]
[Source "ChessBase"]
[SourceQuality "1"]
[TimeControl "5400+30"]

1. f4 {[%emt 0:06:37]} Nf6 {[%emt 0:04:25]} 2. Nf3 {[%emt 0:00:05]} d5 {[%emt 0:00:17]} 3. g3 {[%emt 0:00:14]} c6 {[%emt 0:00:41]} 4. Bg2 {[%emt 0:00:04]} Bf5 {[%emt 0:00:09]} 5. d3 {[%emt 0:01:19]} Nbd7 {[%emt 0:01:16]} 6. Nh4 {[%emt 0:00:47]} Bg6 {[%emt 0:00:49]} 7. Nd2 {[%emt 0:00:55]} Ng4 8. Nb3 {[%emt 0:01:42]} Qb6 {[%emt 0:02:22]} 9. d4 {[%emt 0:00:19]} e5 {[%emt 0:00:47]} 10. h3 {[%emt 0:00:32]} Ngf6 {[%emt 0:00:20]} 11. Nxg6 {[%emt 0:03:21]} hxg6 {[%emt 0:00:07]} 12. dxe5 {[%emt 0:00:31]} Nh5 {[%emt 0:00:25]} 13. Qd3 {[%emt 0:00:24]} Nc5 {[%emt 0:01:27]} 14. Nxc5 {[%emt 0:02:37]} Bxc5 {[%emt 0:00:06]} 15. Qf3 {[%emt 0:00:14]} Be7 {[%emt 0:00:32]} 16. e3 {[%emt 0:01:42]} Nxg3 {[%emt 0:00:18]} 17. Rg1 {[%emt 0:01:10]} Bh4 {[%emt 0:00:36]} 18. Kd1 {[%emt 0:00:35]} Ne4 {[%emt 0:00:44]} 19. Rf1 {[%emt 0:00:34]} O-O-O {[%emt 0:06:19]} 20. c3 {[%emt 0:00:26]} Qb5 {[%emt 0:01:57]} 21. Kc2 {[%emt 0:03:06]} f5 {[%emt 0:05:19]} 22. exf6 {[%emt 0:02:43]} gxf6 {[%emt 0:00:20]} 23. f5 {[%emt 0:01:17]} gxf5 {[%emt 0:01:19]} 24. Qxf5+ {[%emt 0:00:39]} Kc7 {[%emt 0:03:19]} 25. Bxe4 {[%emt 0:00:10]} Qe2+ {[%emt 0:01:11]} 26. Bd2 {[%emt 0:00:16]} dxe4 {[%emt 0:00:18]} 27. Rad1 {[%emt 0:00:22]} Bg5 {[%emt 0:00:25]} 28. Rfe1 {[%emt 0:06:05]} Rxd2+ {[%emt 0:00:24]} 29. Rxd2 {[%emt 0:00:49]} Qxe1 {[%emt 0:00:08]} 30. Qa5+ {[%emt 0:00:44]} Kc8 {[%emt 0:01:29]} 31. Qf5+ {[%emt 0:04:13]} Kc7 {[%emt 0:00:14]} 32. Qd7+ {[%emt 0:00:37]} Kb6 {[%emt 0:00:12]} 33. Qd4+ {[%emt 0:00:26]} Kc7 {[%emt 0:00:22]} 34. Qd6+ {[%emt 0:00:10]} Kc8 {[%emt 0:00:11]} 35. Qd7+ {[%emt 0:01:13]} Kb8 36. Qd6+ {[%emt 0:00:17]} Kc8 {[%emt 0:00:21]} 37. Qd7+ {[%emt 0:01:12]} Kb8 {[%emt 0:00:12]} 1/2-1/2